000 00372nam a22001577a 4500
005 20251108172620.0
008 250721s9999 xx 000 0 eng d
082 1 4 _aFBAL
100 1 _aBallard, Robert D
245 1 0 _aBright shark /
264 1 _aLondon :
_bhordder & stoughton,
300 _a377 p
650 1 7 _aEnglish Fiction
942 _2ddc
_cBK
999 _c84091
_d84091